00397nam a2200157Ia 45000010006000000050017000060080041000230410008000640820016000721000029000882450069001172600009001863000028001956500008002236540008002311696920260306170350.0260306t2015||||xx |||||||||||||| ||und|| aESP a657.32bF64 aFlores Soria, JaimeeAUT 0aAnálisis financiero para contadores y su incidencia en la NIIF c2015 a549 páginas :c25 cm. aGEN aCCO